Prováděcí projekt operativního řízení výroby v n.p. Kovohutě Děčín Závěrečné zprávy výzkumných úkolů TEVÚH

Na minha lista:
Detalhes bibliográficos
Formato: Livro
Idioma:tcheco
Publicado em: Praha Technicko-ekonomický výzkumný ústav hnutnického průmyslu 1984
Edição:1. vyd.
Tags: Adicionar Tag
Sem tags, seja o primeiro a adicionar uma tag!

MARC

LEADER 00000nam a2200000 4500
001 c030285
005 20221220090828.0
041 0 |a cze 
044 |a CZ 
245 1 0 |a Prováděcí projekt operativního řízení výroby v n.p. Kovohutě Děčín  |b Závěrečné zprávy výzkumných úkolů TEVÚH 
250 |a 1. vyd. 
264 1 |a Praha  |b Technicko-ekonomický výzkumný ústav hnutnického průmyslu  |c 1984 
300 |a 15 s.